Movies Quiz

Random Movies or Clickable Quiz
Score 0/31 Timer 06:00
0 Plays Today
% Correct
Leonardo DiCaprio
89.5%
Tom Hanks
87.1%
Hugh Jackman
86.8%
Jennifer Lawrence
86.5%
Sandra Bullock
86.5%
Vin Diesel
83.5%
Chris Hemsworth
81.7%
Bradley Cooper
81.1%
Bruce Willis
79.5%
Matthew McConaughey
77.8%
Brad Pitt
77.2%
James Franco
76.1%
Steve Carell
75.3%
Vince Vaughn
67.8%
Channing Tatum
67.2%
Melissa McCarthy
64.8%
% Correct
Chloƫ Grace Moretz
62.2%
Cate Blanchett
61.3%
Simon Pegg
56.7%
Amy Adams
55.7%
Ethan Hawke
53.7%
Emma Watson
52.4%
Carey Mulligan
50.7%
Morgan Freeman
50.6%
Idris Elba
50.4%
Woody Harrelson
49.2%
Steve Coogan
49.1%
Ryan Gosling
49%
Emma Roberts
48.4%
Robert De Niro
44.2%
Harrison Ford
43.3%
Remove Ads.
Support Sporcle.
Get the best of Sporcle when you Go Orange. This ad-free experience offers more features, more stats, and more fun while also helping to support Sporcle. Thank you for becoming a member.

You're not logged in!

Compare scores with friends on all Sporcle quizzes.
OR
Log In

Show Comments

Extras

Top Quizzes Today


Score Distribution

Your Account Isn't Verified!

In order to create a playlist on Sporcle, you need to verify the email address you used during registration. Go to your Sporcle Settings to finish the process.

Report this User

Report this user for behavior that violates our Community Guidelines.

Details: